000 00432nam a2200145Ia 4500
008 211109s9999||||xx |||||||||||||| ||und||
082 _a894.81954
_bGOV-M
100 _aGovi, K M
245 0 _aModern Indian Literature
260 _bRanjima Pub
_aChry Bn 12
_c1900
300 _a103p
630 _xGENERAL STACK
650 _aIndic literature
_vAltaic, Uralic, Hyperborean & Dravidian
_xLiterature & rhetoricGeneralia
942 _cBOOK
999 _c45337
_d45337